LIBRARY & INFORMATION CENTRE, KCAET, TAVANUR

ONLINE PUBLIC ACCESS CATALOGUE (OPAC)

Modern college algebra / (Record no. 9302)

MARC details
000 -LEADER
fixed length control field 00423cam a2200169ua 4500
041 ## - LANGUAGE CODE
Language code of text/sound track or separate title eng
082 ## - DEWEY DECIMAL CLASSIFICATION NUMBER
Classification number 512
Item number DUP/MO
100 ## - MAIN ENTRY--AUTHOR NAME
Personal name Dupree, Daniel E .
245 ## - TITLE STATEMENT
Title Modern college algebra /
250 ## - EDITION STATEMENT
Edition statement 1 /
260 ## - PUBLICATION, DISTRIBUTION, ETC. (IMPRINT)
Place of publication New Jersey :
Name of publisher Prentice Hall Inc ,
Year of publication 1965.
300 ## - PHYSICAL DESCRIPTION
Number of Pages 250 ; .
700 1# - ADDED ENTRY--PERSONAL NAME
Personal name Harmon , Frank l .
942 ## - ADDED ENTRY ELEMENTS (KOHA)
Koha item type Books
Holdings
Withdrawn status Lost status Damaged status Home library Current library Date acquired Full call number Accession Number Koha item type
Withdrawn     KAUAET KAUAET 07/04/2012 512 7976 Books
free website counter